Plynová zařízení pro III. ročník SOU Učebnice pro učební obor mechanik-opravář pro plynárenská zařízení

Bibliographic Details
Format: Book
Language:Czech
Published: Praha Nakladatelství technické literatury 1990
Edition:1. vyd.

MARC

LEADER 00000nam a2200000 a 4500
001 vtls001149536
003 SK-MaSNL
005 20260224192635.0
008 210928s1990 CS 0 cze
035 |a SNK000092397 
040 |a SNK  |b slo  |c SNK  |e AACR2 
041 0 |a cze 
044 |a [CS] 
245 0 |a Plynová zařízení pro III. ročník SOU  |b Učebnice pro učební obor mechanik-opravář pro plynárenská zařízení 
250 |a 1. vyd. 
260 |a Praha  |b Nakladatelství technické literatury  |c 1990 
958 |a OND 
999 |c 1138521  |d 1140451 
952 |t P60, <04>, [BOOK], {604}  |a SNK  |b SNK  |y VYP  |7 0  |p 17A0182773  |o snkIB 65025 D1  |0 0  |1 1  |4 0  |d 1999-02-23  |l 0  |r 2005-01-01 00:00:00  |w 2026-02-24